000
00325nam a22001457a 4500
005
20160316064131.0
008
020
_a
9780071478830
020
_a
0071478833
041
_a
eng
080
_a
311.17
245
1
0
_a
Statics and dynamics demystified /
_c
David McMahon.
504
_a
Bibliografia (f. [237])
942
_2
udc
_c
BK
999
_c
412
_d
412